|
|
|
|
| LEADER |
00000nam0a2200000 4500 |
| 001 |
135338 |
| 005 |
20231031140030.0 |
| 020 |
|
|
|a RU
|b 90-42427
|
| 035 |
|
|
|a (RuTPU)RU\TPU\book\146677
|
| 090 |
|
|
|a 135338
|
| 100 |
|
|
|a 20080409d1990 k a0rusy5003 ca
|
| 101 |
0 |
|
|a rus
|
| 102 |
|
|
|a RU
|
| 105 |
|
|
|a y z 001zy
|
| 200 |
1 |
|
|a Об основных принципах релятивистской теории гравитации
|f А. А. Логунов, М. А. Мествиришвили
|g Московский государственный университет им. М. В. Ломоносова (МГУ)
|
| 210 |
|
|
|a Москва
|c Изд-во МГУ
|d 1990
|
| 215 |
|
|
|a 23 с.
|
| 320 |
|
|
|a Библиография в конце книги.
|
| 610 |
1 |
|
|a всемирное тяготение
|
| 610 |
1 |
|
|a квантовая теория
|
| 610 |
1 |
|
|a гравитация
|
| 610 |
1 |
|
|a релятивистская теория
|
| 675 |
|
|
|a 530.12
|v 3
|
| 700 |
|
1 |
|a Логунов
|b А. А.
|g Анатолий Алексеевич
|
| 701 |
|
1 |
|a Мествиришвили
|b М. А.
|g Мириан Алексеевич
|
| 712 |
0 |
2 |
|a Московский государственный университет им. М. В. Ломоносова (МГУ)
|2 stltpush
|3 (RuTPU)RU\TPU\col\7
|
| 801 |
|
0 |
|a RU
|b RuMRKP
|c 19950417
|g psbo
|
| 801 |
|
1 |
|a RU
|b 63413507
|c 20080409
|g PSBO
|
| 801 |
|
2 |
|a RU
|b 63413507
|c 20090427
|g PSBO
|
| 942 |
|
|
|c BK
|